Propuesta para realizar mediciones del QoS en Redes IP y tráfico de tipo UMTS
Presenta un estudio del comportamiento de una red IP, que utiliza servicios diferenciados, para dar una calidad de servicio, a una tecnología como es la red UMTS. Nos centramos en el funcionamiento de Diffserv en una red IP, debido a que el proceso de cómo obtener QoS en ambas redes es diferente,...
| Main Authors: | , |
|---|---|
| Other Authors: | |
| Format: | Tesis Section = Libro |
| Language: | Undetermined Spanish |
| Published: |
Managua
UNI
2008
|
| Subjects: |
| LEADER | 01356nam a2200265Ia 4500 | ||
|---|---|---|---|
| 008 | 240830s9999 xx 000 0 und d | ||
| 040 | |a BIBLIOTECA-RUSB/ Mon 621.382 G939 | ||
| 041 | |a spa | ||
| 082 | |a Mon 621.382 G939 | ||
| 100 | 1 | |a Guevara Martínez, Giovanny Ernesto | |
| 100 | 1 | |b Rivas Díaz, Erick Isidro | |
| 245 | 1 | 0 | |a Propuesta para realizar mediciones del QoS en Redes IP y tráfico de tipo UMTS |
| 260 | |a Managua |b UNI |c 2008 | ||
| 300 | |a 64 p. :il. | ||
| 500 | |a Contiene: gráficos. | ||
| 502 | |a Tesis (Ingeniero Electrónico) - UNI, 2008. | ||
| 520 | 3 | |a Presenta un estudio del comportamiento de una red IP, que utiliza servicios diferenciados, para dar una calidad de servicio, a una tecnología como es la red UMTS. Nos centramos en el funcionamiento de Diffserv en una red IP, debido a que el proceso de cómo obtener QoS en ambas redes es diferente, se necesita de un protocolo llamado SDP para realizar una correcta comunicación entre los diferentes parámetros de calidad de servicio. Realizaron las simulaciones que permiten comparar y analizar el comportamiento de la red. | |
| 650 | 7 | |a REDES IP | |
| 650 | 7 | |b TECNOLOGIA QoS | |
| 650 | 7 | |c ARQUITECTURA RED UMTS | |
| 650 | 7 | |d ARQUITECTUR-BOURDER ROUTER I | |
| 700 | 1 | |a Tutor: |b Hernández García, Enrique José | |
| 942 | |c BK |2 ddc | ||
| 991 | |a TESIS | ||
| 999 | |c 20267 | ||